Pedro Páramo /

Séptimo de los diez largometrajes dirigidos por el cineasta gallego –naturalizado mexicano- Carlos Velo (1909-1988), quien acometió con el apoyo de un joven Carlos Fuentes (1928-2012) la adaptación de Pedro Páramo (1955), la excepcional novela del jalisciense Juan Rulfo (1917-1986): el terrateniente...

Полное описание

Сохранить в:
Библиографические подробности
Главный автор: Velo, Carlos (realización)
Другие авторы: Fuentes, Carlos (guión) (guión), Barbachano Ponce, Manuel (guión) (guión), Figueroa, Gabriel (fotógrafo) (fotógrafo), Schoemann, Gloria (montaje) (montaje), Gutiérrez Heras, Joaquín (música) (música), Gavin, John (actuación) (actuación), López Tarso, Ignacio (actuación) (actuación), Pellicer, Pilar (actuación) (actuación)
Формат: Перемещать
Язык:испанский
Опубликовано: México : Clasa Films, 1966, c1966
Серии:(México en Pantalla)
Предметы:
Метки: Добавить метку
Нет меток, Требуется 1-ая метка записи!

MARC

LEADER 00000ngm^a2200000^a^4500
001 000300493
005 20250521000000.0
009 20260310112510.289
037 |a Acervo ITESO - Biblioteca 
041 |a ESP 
082 |a 860.  |b VEL 
100 |a Velo, Carlos  |e (realización) 
240 1 1 |a [Pedro Páramo. Adaptaciones] 
240 1 1 |a [Pedro Páramo] 
245 1 0 |a Pedro Páramo /  |c Realización de C. Velo. 
264 4 |a México :  |b Clasa Films,  |c 1966, c1966 
264 2 |a México :  |b En Pantalla Producciones Internacionales [distribución],  |c copyright fecha no identificada 
300 |a 1 DVD multirregión  |c (103 min.) 
336 |a imagen móvil bidimensional  |b tdi  |2 rdacontenido 
337 |a video  |b v  |2 rdamedio 
338 |a videodisco  |b vd  |2 rdasoporte 
440 1 |a (México en Pantalla) 
500 |a Basado en: Pedro Páramo, de Juan Rulfo 
520 |a Séptimo de los diez largometrajes dirigidos por el cineasta gallego –naturalizado mexicano- Carlos Velo (1909-1988), quien acometió con el apoyo de un joven Carlos Fuentes (1928-2012) la adaptación de Pedro Páramo (1955), la excepcional novela del jalisciense Juan Rulfo (1917-1986): el terrateniente Páramo es dueño de la hacienda de la Media Luna, en Comala, pero todo su poder es vencido por el desamor de Susana San Juan. 
520 |a Suplementos y características especiales: ninguna. 
585 |a Festival Internacional de Cine de Cannes (20º: 1967): Participante mexicana, sección oficial a concurso 
586 |a Premio Nacional de Ciencias y Artes, categoría Lingüística y Literatura (35°: 1984): Guiones cinematográficos 
586 |a Premio Miguel de Cervantes 1987: Guiones cinematográficos 
586 |a Premio Príncipe de Asturias de las Letras 1994: Guiones cinematográficos 
649 |a XX 
650 |a Cineastas Españoles 
650 |a Terratenientes en el Cine 
650 |a Fantasmas en el Cine 
650 |a Dramas Cinematográficos 
650 |a Cine en Blanco y Negro -  |z México 
650 |a Cine Mexicano -  |y 1960-1969 
650 |a Cine Mexicano -  |y Siglo XX 
650 |a Novela Jalisciense -  |x Adaptaciones para Cine 
650 |a Novela Mexicana -  |x Adaptaciones para Cine 
650 |a Literatura Jalisciense -  |y Siglo XX -  |x Adaptaciones para Cine 
650 |a Literatura Mexicana -  |y Siglo XX -  |x Adaptaciones para Cine 
650 |a Literatura y Cine 
650 |a Paternidad -  |z México 
650 |a Relaciones Padres-Hijos -  |z México 
650 |a Muerte (En Religión, Folklore, etc.) -  |z México 
650 |a Jalisco en el Cine 
650 |a Zonas Rurales -  |z Jalisco -  |x Condiciones Sociales y Culturales 
650 |a Zonas Rurales -  |z México -  |x Condiciones Sociales y Culturales 
700 |a Fuentes, Carlos  |e (guión) 
700 |a Barbachano Ponce, Manuel  |e (guión) 
700 |a Figueroa, Gabriel  |e (fotógrafo) 
700 |a Schoemann, Gloria  |e (montaje) 
700 |a Gutiérrez Heras, Joaquín  |e (música) 
700 |a Gavin, John  |e (actuación) 
700 |a López Tarso, Ignacio  |e (actuación) 
700 |a Pellicer, Pilar  |e (actuación) 
910 |a Fondo General 
920 |a Audiovisuales - DVDs 
940 |a Películas 
905 |a 302 
901 |a 0500197956  |b IT2  |c DVS  |i C119549  |u 20250521 
902 |a https://opac.biblio.iteso.mx/vufind/Record/000300493